[Event "ITA-chT2"]
[Site "Arvier"]
[Date "2008.05.03"]
[Round "4"]
[White "Voicu, Joan Paul"]
[Black "Zanatta, Federico"]
[Result "1-0"]
[WhiteElo "2143"]
[BlackElo "2030"]
[PlyCount "85"]
[EventDate "2008.05.02"]
[EventType "team"]
[EventRounds "5"]
[EventCountry "ITA"]
[SourceTitle "CBM 124 Extra"]
[Source "ChessBase"]
[SourceDate "2008.07.03"]
[SourceVersion "1"]
[SourceVersionDate "2008.07.03"]
[SourceQuality "1"]

1. Nf3 Nf6 2. d4 d6 3. c4 g6 4. Nc3 Bg7 5. e4 0-0 6. Be2 Nbd7 7. 0-0 c5 8. d5 a6 9. a4 Rb8 10. h3 Ne8 11. Be3 Nc7 12. Qd2 Re8 13. Rad1 b6 14. Nh2 Nf6 15. f4 Nd7 16. Nf3 Nf8 17. Bd3 Bd7 18. f5 b5 19. Ng5 f6 20. Ne6 Bxe6 21. dxe6 b4 22. Ne2 g5 23. h4 h6 24. Kf2 Nfxe6 25. fxe6 Nxe6 26. hxg5 hxg5 27. Rh1 Kf7 28. Ng3 Qd7 29. e5 Rh8 30. Bf5 Qc6 31. exd6 Rxh1 32. Rxh1 exd6 33. Rh7 Nf8 34. Rh1 Ne6 35. Rd1 Bf8 36. b3 Ng7 37. Be4 Qc8 38. Qd3 Ke8 39. Bg6+ Kd8 40. Qd5 Kc7 41. Ne4 Qg4 42. Nxd6 Qh4+ 43. Kg1 1-0

[Event "Porto Sant Elpidio op-A 9th"]
[Site "Porto Sant Elpidio"]
[Date "2006.11.26"]
[Round "5"]
[White "Voicu, Joan Paul"]
[Black "Briffault, Philippe"]
[Result "1-0"]
[WhiteElo "1945"]
[BlackElo "1875"]
[PlyCount "71"]
[EventDate "2006.11.18"]
[EventType "swiss"]
[EventRounds "6"]
[EventCountry "ITA"]
[SourceTitle "EXT 2011"]
[Source "ChessBase"]
[SourceDate "2010.11.26"]
[SourceVersion "1"]
[SourceVersionDate "2010.11.26"]
[SourceQuality "1"]

1. e4 Nf6 2. e5 Nd5 3. d4 d6 4. Nf3 Bg4 5. Bc4 e6 6. Qe2 Be7 7. Be3 0-0 8. Nbd2 Nd7 9. a3 dxe5 10. 0-0-0 c5 11. dxc5 Rc8 12. h3 Nxe3 13. hxg4 Nxd1 14. Rxd1 Bxc5 15. Ne4 Be7 16. Nxe5 Rxc4 17. Rxd7 Bg5+ 18. Kb1 Rxe4 19. Qxe4 Qf6 20. Nd3 Rd8 21. Qxb7 e5 22. Qxa7 e4 23. Nb4 Re8 24. Qd4 Qf4 25. Qd5 h6 26. Qf5 Qc1+ 27. Ka2 Bf6 28. c3 Qf1 29. Qd5 Re6 30. Qc5 Qxg2 31. Qc8+ Kh7 32. Rxf7 Re7 33. Rf8 Re5 34. Nd5 Bh4 35. Rh8+ Kg6 36. Nf4+ 1-0